000 00737nam a2200253Ia 4500
003 OSt
005 20221005092850.0
006 a|||||r|||| 00| 0
007 ta
008 221004b |||||||| |||| 00| 0 eng d
020 _a0791430340
024 _a30036
037 _cTextual
040 _aCRL
_cCRL
_beng
041 _2eng
_aeng
082 _aO41,3v, 111N6
100 _aPorter Deborah Lynn
_9617867
245 0 _aFrom deluge to discourse
_b Myth, history and the generation of chinese fiction
260 _aNew York
_bState University of New Press USA
_c1996
300 _a284p.
_ccm.
650 _aENGLISH LITERATURE
942 _hO41,3v, 111N6
_cTEXL
_2cc
999 _c999499
_d999499